000 00493nam a22001697a 4500
005 20251108164710.0
008 250721s1982 xx 000 0 ara d
082 1 4 _a811.1009/عتو
100 1 _aالعتوم، علي
245 1 0 _aقضايا الشعر الجاهلي /
264 1 _aعمان :
_bمكتبة الرسالة الحديثة،
_c1982.
300 _a526 ص.
650 1 7 _aالشعر العربي
650 1 7 _aالعصر الجاهلي
942 _2ddc
_cBK
999 _c12131
_d12131